<?xml version="1.0" encoding="UTF-8"?>
<record
    xmlns:xsi="http://www.w3.org/2001/XMLSchema-instance"
    xsi:schemaLocation="http://www.loc.gov/MARC21/slim http://www.loc.gov/standards/marcxml/schema/MARC21slim.xsd"
    xmlns="http://www.loc.gov/MARC21/slim">

  <leader>00925nam a2200193   4500</leader>
  <datafield tag="999" ind1=" " ind2=" ">
    <subfield code="c">8199</subfield>
    <subfield code="d">8199</subfield>
  </datafield>
  <controlfield tag="001">21695</controlfield>
  <controlfield tag="003">BD-DhUAP</controlfield>
  <controlfield tag="005">20220726202502.0</controlfield>
  <controlfield tag="008">220726b20022018Bg ||||| |||| 00| 0 bg  d</controlfield>
  <datafield tag="040" ind1=" " ind2=" ">
    <subfield code="a">BD-DhUAP</subfield>
    <subfield code="b">BEN</subfield>
    <subfield code="c">BD-DhUAP</subfield>
    <subfield code="d">BD-DhUAP</subfield>
    <subfield code="e">BD-DhUAP</subfield>
  </datafield>
  <datafield tag="082" ind1=" " ind2=" ">
    <subfield code="2">23</subfield>
    <subfield code="a">342.06 MIA</subfield>
  </datafield>
  <datafield tag="100" ind1=" " ind2=" ">
    <subfield code="a">&#x9AE;&#x9BF;&#x9AF;&#x9BC;&#x9BE;, &#x99B;&#x9BF;&#x9A6;&#x9CD;&#x9A6;&#x9BF;&#x995;&#x9C1;&#x9B0; &#x9B0;&#x9B9;&#x9AE;&#x9BE;&#x9A8; &#x964;</subfield>
  </datafield>
  <datafield tag="245" ind1=" " ind2=" ">
    <subfield code="a">&#x986;&#x9B0;&#x99C;&#x9BF; &#x99C;&#x9AC;&#x9BE;&#x9AC;,&#x986;&#x9AA;&#x9C0;&#x9B2;,&#x9B0;&#x9C0;&#x99F;,&#x9B0;&#x9BF;&#x9AD;&#x9BF;&#x9B6;&#x9A8;,&#x9A6;&#x9B0;&#x996;&#x9BE;&#x9B8;&#x9CD;&#x9A4;&#x9C7;&#x9B0; &#x9A8;&#x9BF;&#x9AF;&#x9BC;&#x9AE;-&#x995;&#x9BE;&#x9A8;&#x9C1;&#x9A8; &#x993; &#x9AE;&#x9C1;&#x9B8;&#x9BE;&#x9AC;&#x9BF;&#x9A6;&#x9BE;/</subfield>
    <subfield code="c">&#x99B;&#x9BF;&#x9A6;&#x9CD;&#x9A6;&#x9BF;&#x995;&#x9C1;&#x9B0; &#x9B0;&#x9B9;&#x9AE;&#x9BE;&#x9A8; &#x9AE;&#x9BF;&#x9AF;&#x9BC;&#x9BE;&#x964;</subfield>
  </datafield>
  <datafield tag="250" ind1=" " ind2=" ">
    <subfield code="a">&#x9B8;&#x9AC;&#x9B6;&#x9C7;&#x9B7; &#x9B8;&#x982;&#x9B8;&#x9CD;&#x995;&#x9B0;&#x9A3;</subfield>
  </datafield>
  <datafield tag="260" ind1=" " ind2=" ">
    <subfield code="a">&#x9A2;&#x9BE;&#x995;&#x9BE; :</subfield>
    <subfield code="b">&#x9A8;&#x9BF;&#x989; &#x993;&#x9AF;&#x9BC;&#x9BE;&#x9B8;&#x9C0; &#x9AC;&#x9C1;&#x995; &#x995;&#x9B0;&#x9CD;&#x9AA;&#x9CB;&#x9B0;&#x9C7;&#x9B6;&#x9A8;,</subfield>
    <subfield code="c">&#x9E8;&#x9E6;&#x9E7;&#x9EE; &#x964;</subfield>
  </datafield>
  <datafield tag="300" ind1=" " ind2=" ">
    <subfield code="a">&#x9EA;&#x9E6;&#x9E6; &#x9AA;&#x9C3;. ;</subfield>
    <subfield code="c">&#x9E8;&#x9E8; &#x9B8;&#x9C7;.&#x9AE;&#x9BF;.</subfield>
  </datafield>
  <datafield tag="650" ind1=" " ind2=" ">
    <subfield code="a">&#x9AA;&#x9CD;&#x9B0;&#x9B6;&#x9BE;&#x9B8;&#x9A8;&#x9BF;&#x995; &#x986;&#x987;&#x9A8;&#x964;</subfield>
    <subfield code="z">&#x9AC;&#x9BE;&#x982;&#x9B2;&#x9BE;&#x9A6;&#x9C7;&#x9B6;&#x964;</subfield>
  </datafield>
  <datafield tag="942" ind1=" " ind2=" ">
    <subfield code="2">ddc</subfield>
    <subfield code="c">BK</subfield>
  </datafield>
  <datafield tag="952" ind1=" " ind2=" ">
    <subfield code="0">0</subfield>
    <subfield code="1">0</subfield>
    <subfield code="2">ddc</subfield>
    <subfield code="4">0</subfield>
    <subfield code="7">0</subfield>
    <subfield code="a">UAPCL</subfield>
    <subfield code="b">UAPCL</subfield>
    <subfield code="c">General Stacks</subfield>
    <subfield code="d">2022-07-26</subfield>
    <subfield code="o">342.06 MIA</subfield>
    <subfield code="p">3010021695</subfield>
    <subfield code="r">2022-07-26</subfield>
    <subfield code="t">1</subfield>
    <subfield code="v">600.00</subfield>
    <subfield code="w">2022-07-26</subfield>
    <subfield code="y">BK</subfield>
  </datafield>
</record>
